Formel 1 2023 - Fahrernummern - Statistiken

Allgemein
  • Dieses Quiz wurde 484 mal gespielt
  • Das Durchschnittsergebnis liegt bei 19 aus 20
Antwortstatistiken
Hint Antwort % Korrekt
Max Verstappen 1
100%
Lando Norris 4
100%
Logan Sargeant 2
99%
Sergio Perez 11
98%
Charles Leclerc 16
98%
Lewis Hamilton 44
98%
Fernando Alonso 14
96%
Carlos Sainz 55
95%
Valtteri Bottas 77
94%
Pierre Gasly 10
93%
Lance Stroll 18
93%
Yuki Tsunoda 22
91%
Alexander Albon 23
91%
George Russell 63
91%
Nico Hulkenberg 27
90%
Esteban Ocon 31
88%
Oscar Piastri 81
88%
Kevin Magnussen 20
87%
Nyck de Vries 21
86%
Guanyu Zhou 24
86%
Keine übereinstimmenden Quizze gefunden
Verteilung der Resultate
Anzahl Personen mit jedem Resultat
Perzentil nach korrekt beantworteten Fragen
Ihre Resultats-Entwicklung
Sie haben dieses Quiz noch nicht gespielt